| 000 | 00983cam a2200277 a 4500 | ||
|---|---|---|---|
| 001 | 000001615 | ||
| 005 | 20200929145634.0 | ||
| 008 | 750107s1975 nju b 001 p eng d | ||
| 020 | _a069106279X | ||
| 040 |
_aDO-SdBNP _bspa _cBNPHU |
||
| 041 | 1 | 7 |
_agre _beng _2Código de idioma MARC |
| 082 |
_a889.2 _bC376p |
||
| 100 | 1 |
_aCavafy, Constantine, _d1863-1933. _95283 |
|
| 240 | 1 | 0 |
_aPoems. _lEnglish & Greek |
| 245 | 1 | 0 |
_aCollected poems / _cC. P. Cavafy ; traducción de Edmund Keeley and Philip Sherrard ; editado por George Savidis. |
| 260 |
_aPrinceton, N.J. : _bPrinceton University Press, _c[1975]. |
||
| 300 |
_axvii, 451 p. ; _c23 cm. |
||
| 504 | _aBibliografías: p. 443-447. | ||
| 500 | _aIncluye índice | ||
| 600 | 1 | 4 |
_aCAVAFY, CONSTANTINE, _d1863-1933 _95284 |
| 650 | 4 |
_aPoesía griega _95285 |
|
| 650 | 4 |
_aLiteratura griega _ySIGLO XX _95286 |
|
| 700 | 1 |
_aKeeley, Edmund, _etr. _95287 |
|
| 700 | 1 |
_aSherrard, Philip, _etr. _95288 |
|
| 700 | 1 |
_aSavvides, Georgios P. _95289 |
|
| 999 |
_c1506 _d1506 |
||